| 000 | 01517nam a22003251i 4500 | ||
|---|---|---|---|
| 003 | EG-ScBUE | ||
| 005 | 20230226030524.0 | ||
| 008 | 150615s2011 cauc f 000 0 eng d | ||
| 020 | _a9781600582066 | ||
| 020 | _a1600582060 | ||
| 040 |
_aEG-ScBUE _beng _erda _cEG-ScBUE _dEG-ScBUE |
||
| 082 | 0 | 4 |
_a743.42 _bROH _222 |
| 100 | 1 |
_aRohlander, Nathan, _eauthor. _939402 |
|
| 245 | 1 | 4 |
_aThe Head : _blearn the classical approach to drawing the human head-stepby step / _cby Nathan Rohlander. |
| 264 | 1 |
_aIrvine, CA : _bWalter Foster, _c2011. |
|
| 300 |
_a32 pages : _bportraits ; _c35 cm. |
||
| 336 |
_2rdacontent _atext _btxt |
||
| 337 |
_2rdamedia _aunmediated _bn |
||
| 338 |
_2rdacarrier _avolume _bnc |
||
| 490 | 0 |
_aDrawing. _aHow to draw & paint ; _vHT317 |
|
| 500 | _aDrawing from life - Capturing a likeness - Achieving accurate proportions - Rendering lifelike features. | ||
| 520 | _aDrawing the human head is often considered the most challenging but rewarding drawing subject. To take away some of the challenge, this book breaks down the process of drawing the head into easy steps and stages. In Drawing: The Head, accomplished artist Nathan Rohlander guides readers through the classical approach to drawing, from the initial 'block in' stage to details and finishing touches. | ||
| 650 | 7 |
_aHead in art. _2BUEsh |
|
| 650 | 7 |
_aFace in art. _2BUEsh |
|
| 650 | 7 |
_aDrawing _xTechnique. _2BUEsh |
|
| 651 | _2BUEsh | ||
| 653 |
_bCOMAME _cJune2015 _cFebruary2016 |
||
| 655 | _vReading book | ||
| 942 |
_2ddc _cBB |
||
| 999 |
_c19656 _d19628 |
||